000 00435 a2200157 4500
005 20250626062121.0
020 _a978-1-29202-339-7
082 _a519.53 STI.
100 _aSTINE, R.
245 _aStatistics For Business Decision Making And Analysis
250 _a2nd Ed.
260 _aLondon,
_bPearson Education Limited,
_c2014.
300 _a929p.; Ill.; picture, table,
_bIndex,
_c27cm.
700 _aFOSTER, D.
942 _2ddc
_cBKS
999 _c5192
_d5192